000 00333nam a22001457a 4500
008 230208b ||||| |||| 00| 0 eng d
020 _a9781565335738
041 _aeng
080 _2EDITION 7.0
_a610.73
082 _a610.73HEN
100 _a8
101 _aINF
245 _aCONTENT MASTERY SERIES
_cHENRY E.J
942 _2udc
_cBK
999 _c59344
_d59344